[Event "Junior Online 4NCL Division 4"]
[Site "online"]
[Date "2020.10.15"]
[Round "5.32"]
[White "Kanellopoulos, Nickolas"]
[Black "Bryant, Harry"]
[Result "0-1"]
[WhiteElo "1532"]
[BlackElo "1330"]
[PlyCount "22"]
[EventDate "2020.10.15"]
[WhiteTeam "Colchester Juniors A"]
[BlackTeam "JHJ 5"]

1. e4 e5 2. Nf3 Nf6 3. Nxe5 Nc6 4. Nxc6 dxc6 5. Nc3 Bc5 6. Bc4 Ng4 7. O-O Qh4
8. h3 Nxf2 9. Rxf2 Bxf2+ 10. Kh1 Bxh3 11. g3 Qxg3 0-1

[Event "Junior Online 4NCL Division 4"]
[Site "online"]
[Date "2020.10.15"]
[Round "5.33"]
[White "Sisupalan, Beni"]
[Black "Gogia, Pranay"]
[Result "0-1"]
[WhiteElo "1345"]
[BlackElo "1501"]
[PlyCount "116"]
[EventDate "2020.10.15"]
[WhiteTeam "JHJ 5"]
[BlackTeam "Colchester Juniors A"]

1. e4 e6 2. d4 d5 3. e5 c5 4. c3 Nc6 5. Nf3 Bd7 6. Bd3 Qb6 7. Bc2 Nge7 8. O-O
Nf5 9. Qd3 cxd4 10. cxd4 Nfxd4 11. Nxd4 Nxd4 12. Be3 Bc5 13. Rd1 Nxc2 14. Qxc2
Bxe3 15. fxe3 Qxe3+ 16. Kh1 Rc8 17. Qb3 Qxb3 18. axb3 a6 19. Nc3 O-O 20. Rd4 f6
21. exf6 Rxf6 22. Re1 Rcf8 23. Rdd1 Bc6 24. h3 d4 25. Na2 Bd5 26. Kh2 Bxb3 27.
Ra1 Bd5 28. Nb4 Bc4 29. Re4 Rf4 30. Re5 R8f5 31. Rxf5 Rxf5 32. Rc1 Bb5 33. Rc8+
Rf8 34. Rc7 Rf7 35. Rc8+ Rf8 36. Rc7 a5 37. Na2 b6 38. b4 e5 39. bxa5 bxa5 40.
Rc5 Bf1 41. Rxa5 Re8 42. Nc1 e4 43. Kg1 Bc4 44. Ra4 Rc8 45. Kf2 e3+ 46. Ke1 d3
47. Kd1 d2 48. Na2 Bb3+ 49. Ke2 d1=Q+ 50. Kxe3 Re8+ 51. Re4 Qe1+ 52. Kd3 Qxe4+
53. Kc3 Bf7 54. g4 Rc8+ 55. Kd2 Rd8+ 56. Kc3 Qc6+ 57. Kb4 Rb8+ 58. Ka3 Qa8# 0-1

[Event "Junior Online 4NCL Division 4"]
[Site "online"]
[Date "2020.10.15"]
[Round "5.34"]
[White "Catabay, Rezin C"]
[Black "Hanache, Kai"]
[Result "1-0"]
[WhiteElo "1427"]
[BlackElo "1240"]
[PlyCount "101"]
[EventDate "2020.10.15"]
[WhiteTeam "Colchester Juniors A"]
[BlackTeam "JHJ 5"]

1. c4 c5 2. g3 Nf6 3. Nc3 g6 4. Bg2 Bg7 5. d3 e6 6. Bf4 Nc6 7. Nf3 d5 8. Nb5
O-O 9. Bc7 Qd7 10. Bf4 b6 11. O-O a6 12. Nc3 d4 13. Nb1 Nh5 14. Bc1 e5 15. Nbd2
Bb7 16. Qb3 Qd6 17. Qxb6 Rab8 18. Ne4 Qe7 19. Qxc5 Qd7 20. Qd6 Qf5 21. Nfg5
Rbd8 22. Qc7 Rd7 23. Qb6 h6 24. Bh3 hxg5 25. Bxf5 gxf5 26. Nxg5 Nf6 27. f4 exf4
28. Bxf4 Re7 29. Rae1 Ba8 30. Bd6 Re3 31. Bxf8 Kxf8 32. Qc5+ Kg8 33. Qxf5 Ne5
34. Qc8+ Bf8 35. Rxf6 Bc6 36. Qf5 Bg7 37. Rxc6 Nxc6 38. Qxf7+ Kh8 39. Ne6 Rxe6
40. Qxe6 a5 41. Qxc6 a4 42. Qxa4 Kh7 43. Rf1 Kh6 44. c5 Be5 45. c6 Bb8 46. Rf8
Bd6 47. Rf6+ Kg5 48. Rxd6 Kg4 49. c7 Kh5 50. Qb5+ Kg4 51. c8=Q# 1-0

[Event "Junior Online 4NCL Division 4"]
[Site "online"]
[Date "2020.10.15"]
[Round "5.35"]
[White "Popovici, Rees"]
[Black "Zhao, George"]
[Result "1-0"]
[WhiteElo "1595"]
[BlackElo "1330"]
[PlyCount "33"]
[EventDate "2020.10.15"]
[WhiteTeam "Colchester Juniors A"]
[BlackTeam "JHJ 5"]

1. e4 e6 2. Bc4 d5 3. exd5 exd5 4. Bb3 Bc5 5. d4 Bb6 6. Nf3 Nf6 7. Qe2+ Qe7 8.
Qxe7+ Kxe7 9. O-O Bg4 10. Ne5 Bh5 11. Re1 Kd6 12. Bf4 Re8 13. Nc3 Bxd4 14. Nf3+
Kc5 15. Na4+ Kb4 16. Nxd4 c5 17. Bd2# 1-0

[Event "Junior Online 4NCL Division 4"]
[Site "online"]
[Date "2020.10.15"]
[Round "5.36"]
[White "Bryant, Harry"]
[Black "Kanellopoulos, Nickolas"]
[Result "1-0"]
[WhiteElo "1330"]
[BlackElo "1532"]
[PlyCount "145"]
[EventDate "2020.10.15"]
[WhiteTeam "JHJ 5"]
[BlackTeam "Colchester Juniors A"]

1. d4 d5 2. Nc3 Nf6 3. Bf4 Bf5 4. Nb5 Na6 5. c3 c6 6. Na3 e6 7. Nc2 Bd6 8. Bg3
O-O 9. e3 Ne4 10. Bd3 Nc7 11. Nf3 Bg4 12. Be2 Qf6 13. Bxd6 Nxd6 14. Ne5 Bxe2
15. Qxe2 Rfd8 16. h4 Ne4 17. h5 h6 18. Ng4 Qf5 19. O-O-O Nf6 20. Nxf6+ Qxf6 21.
Qf3 Qxf3 22. gxf3 a5 23. Rhg1 b5 24. Rg2 Rd7 25. Rdg1 f6 26. Rg6 Kh7 27. f4 f5
28. Ne1 Rf8 29. Nd3 Re7 30. Ne5 c5 31. dxc5 a4 32. c6 Rf6 33. Nd7 Rxg6 34. Rxg6
e5 35. Nf8+ Kg8 36. Nd7 exf4 37. exf4 Kh7 38. Ne5 Kg8 39. Rd6 Ne6 40. Rd7 Rxd7
41. cxd7 Nd8 42. Kd2 Kf8 43. Kd3 Ke7 44. Kd4 Ke6 45. Kc5 Ke7 46. Kxd5 b4 47.
Nc6+ Kxd7 48. Nxd8 bxc3 49. bxc3 Kxd8 50. Ke5 Kc7 51. Kxf5 Kc6 52. Ke4 Kc5 53.
Kd3 a3 54. f3 Kd5 55. c4+ Kc5 56. Kc3 Kb6 57. Kb4 Kc6 58. Kxa3 Kc5 59. Kb3 Kd4
60. a4 Ke3 61. c5 Kxf3 62. c6 Kxf4 63. c7 Kg5 64. c8=Q Kxh5 65. Qf5+ g5 66. a5
Kh4 67. a6 g4 68. a7 h5 69. a8=Q Kh3 70. Qh1+ Kg3 71. Qe1+ Kg2 72. Qff2+ Kh3
73. Qg3# 1-0

[Event "Junior Online 4NCL Division 4"]
[Site "online"]
[Date "2020.10.15"]
[Round "5.37"]
[White "Gogia, Pranay"]
[Black "Sisupalan, Beni"]
[Result "1-0"]
[WhiteElo "1501"]
[BlackElo "1345"]
[PlyCount "21"]
[EventDate "2020.10.15"]
[WhiteTeam "Colchester Juniors A"]
[BlackTeam "JHJ 5"]

1. d4 d5 2. Bf4 Nf6 3. e3 Bf5 4. Bd3 Bxd3 5. Qxd3 e6 6. Qb5+ c6 7. Qxb7 Nbd7 8.
Qxc6 Qa5+ 9. c3 Be7 10. Qxa8+ Bd8 11. Nf3 1-0

[Event "Junior Online 4NCL Division 4"]
[Site "online"]
[Date "2020.10.15"]
[Round "5.38"]
[White "Hanache, Kai"]
[Black "Catabay, Rezin C"]
[Result "0-1"]
[WhiteElo "1240"]
[BlackElo "1427"]
[PlyCount "111"]
[EventDate "2020.10.15"]
[WhiteTeam "JHJ 5"]
[BlackTeam "Colchester Juniors A"]

1. e4 e5 2. Nf3 Nf6 3. Nxe5 d6 4. Nf3 Nxe4 5. Nc3 Nf6 6. Bb5+ Bd7 7. Bxd7+
Nbxd7 8. O-O Be7 9. d4 O-O 10. Bg5 c5 11. Re1 Nd5 12. Nxd5 Bxg5 13. Nxg5 Qxg5
14. Ne7+ Kh8 15. Re3 Rae8 16. Qe2 Nf6 17. d5 Rd8 18. Re1 Nxd5 19. Nxd5 Qxd5 20.
Re8 Rdxe8 21. Qxe8 Kg8 22. Qa4 Qd2 23. Qe4 d5 24. Qe8 Qxc2 25. Qd7 d4 26. h3 g6
27. Re8 Qc1+ 28. Kh2 Qf4+ 29. Kg1 Rxe8 30. Qxe8+ Kg7 31. Qa4 a6 32. Qc2 Qd6 33.
Kh1 d3 34. Qd2 c4 35. g3 b5 36. Kg2 b4 37. a3 a5 38. axb4 Qxb4 39. Qf4 Qc5 40.
Kf3 Qf5 41. Qxf5 gxf5 42. Ke3 Kf6 43. f4 Ke6 44. g4 fxg4 45. hxg4 f5 46. g5 Kd5
47. Kd2 Ke4 48. g6 hxg6 49. Kc1 Kxf4 50. Kd2 Kf3 51. Kc3 Ke2 52. Kd4 d2 53.
Kxc4 d1=Q 54. b4 axb4 55. Kxb4 Qc2 56. Kb5 0-1

[Event "Junior Online 4NCL Division 4"]
[Site "online"]
[Date "2020.10.15"]
[Round "5.41"]
[White "Wu, Feitong"]
[Black "Soulier, Alfred"]
[Result "0-1"]
[WhiteElo "1495"]
[BlackElo "1585"]
[PlyCount "100"]
[EventDate "2020.10.15"]
[WhiteTeam "Forest Hall Chimaeras"]
[BlackTeam "KCJS 2"]

1. d4 Nf6 2. c4 g6 3. Nc3 Bg7 4. e4 d6 5. Nf3 O-O 6. Bd3 e5 7. dxe5 dxe5 8. Bg5
h6 9. Bh4 Nc6 10. O-O Re8 11. Re1 Bg4 12. Nd5 Nd4 13. Ne3 Bxf3 14. gxf3 g5 15.
Bg3 Nxf3+ 16. Qxf3 Qxd3 17. Rad1 Qxe4 18. Qxe4 Nxe4 19. Nd5 Nxg3 20. hxg3 Rac8
21. Kg2 c6 22. Ne3 Rcd8 23. Kh3 h5 24. Kg2 Kh7 25. Kf3 Kg6 26. g4 e4+ 27. Kg3
h4+ 28. Kh3 Rd3 29. Re2 Red8 30. Rc1 Rd2 31. Rc2 Rxc2 32. Rxc2 Rd3 33. Re2 Bd4
34. Kg2 Bxe3 35. fxe3 c5 36. Kh3 b6 37. Kg2 a6 38. a4 a5 39. Kh3 f6 40. Kg2 Rb3
41. Rd2 Rb4 42. Kh3 Rxc4 43. Rd6 Rb4 44. Rd2 Rxa4 45. b3 Ra3 46. Rb2 b5 47. Kg2
Kf7 48. Kf1 Ke6 49. Ke1 Ra1+ 50. Kd2 Rg1 0-1

[Event "Junior Online 4NCL Division 4"]
[Site "online"]
[Date "2020.10.15"]
[Round "5.42"]
[White "Singh, Hari"]
[Black "Johnston, Alexander"]
[Result "0-1"]
[WhiteElo "1495"]
[BlackElo "1480"]
[PlyCount "132"]
[EventDate "2020.10.15"]
[WhiteTeam "KCJS 2"]
[BlackTeam "Forest Hall Chimaeras"]

1. d4 e6 2. e3 d5 3. Bd3 c5 4. c3 Nc6 5. Nf3 Nf6 6. Bb5 Bd7 7. O-O a6 8. Bd3 c4
9. Bc2 Bd6 10. Nfd2 Qc7 11. g3 h5 12. e4 dxe4 13. Nxe4 Nxe4 14. Bxe4 h4 15. Qf3
f5 16. Bc2 O-O-O 17. Nd2 hxg3 18. fxg3 b5 19. a4 Qb7 20. axb5 axb5 21. b3 Ne7
22. Ra8+ Bb8 23. Qxb7+ Kxb7 24. Ra1 Rh3 25. bxc4 Rdh8 26. Rf2 Bc6 27. Kf1 bxc4
28. Nxc4 Nd5 29. Na5+ Kc7 30. Nxc6 Kxc6 31. Bd2 Bc7 32. Ra6+ Bb6 33. c4 Kb7 34.
Ra3 Nf6 35. Rb3 Kc7 36. c5 Ba7 37. Bd1 Rxh2 38. Rxh2 Rxh2 39. Ba5+ Kc6 40. Bf3+
Kd7 41. Rb7+ Ke8 42. Rxa7 Ne4 43. Bxe4 fxe4 44. Ra8+ Kd7 45. Rd8+ Kc6 46. Re8
Kd5 47. Be1 e3 48. Kg1 Rc2 49. Bb4 e2 50. Kh1 Rc1+ 51. Kh2 e1=Q 52. Bxe1 Rxe1
53. Kh3 Re4 54. g4 Rxd4 55. Kh4 Re4 56. Re7 Kxc5 57. Rxg7 e5 58. Rg5 Kd4 59.
Rf5 Rf4 60. Rxf4+ exf4 61. g5 f3 62. g6 f2 63. g7 f1=Q 64. g8=Q Qh1+ 65. Kg3
Qg1+ 66. Kh3 Qxg8 0-1

[Event "Junior Online 4NCL Division 4"]
[Site "online"]
[Date "2020.10.15"]
[Round "5.43"]
[White "Hutchins, Andrew"]
[Black "Gupta, Aarav G"]
[Result "1-0"]
[WhiteElo "1450"]
[BlackElo "1450"]
[PlyCount "49"]
[EventDate "2020.10.15"]
[WhiteTeam "Forest Hall Chimaeras"]
[BlackTeam "KCJS 2"]

1. d4 d5 2. c4 e6 3. Nc3 Nf6 4. Bg5 Be7 5. Nf3 h6 6. Bh4 Nc6 7. e3 O-O 8. cxd5
exd5 9. Bd3 Be6 10. O-O a6 11. Ne5 Na5 12. f4 Nc4 13. Bxc4 dxc4 14. h3 Rc8 15.
Rf3 h5 16. Rg3 Qd6 17. Bxf6 Bxf6 18. Qxh5 Rce8 19. Ne4 Qe7 20. Nxf6+ Qxf6 21.
Rd1 Rd8 22. Rf1 Bc8 23. f5 b5 24. Rf4 Rd6 25. Rh4 1-0

[Event "Junior Online 4NCL Division 4"]
[Site "online"]
[Date "2020.10.15"]
[Round "5.44"]
[White "Ali, Shahyan"]
[Black "Wu, Jiatong"]
[Result "0-1"]
[WhiteElo "1397"]
[BlackElo "1225"]
[PlyCount "102"]
[EventDate "2020.10.15"]
[WhiteTeam "KCJS 2"]
[BlackTeam "Forest Hall Chimaeras"]

1. e4 e6 2. Bc4 Nf6 3. Nc3 Nc6 4. Nf3 d5 5. exd5 exd5 6. Qe2+ Be7 7. Bb5 Bg4 8.
Bxc6+ bxc6 9. h3 Bxf3 10. Qxf3 Ne4 11. Nxe4 dxe4 12. Qxe4 c5 13. Qc6+ Kf8 14.
O-O Rb8 15. d3 Rb6 16. Qf3 Re6 17. Bf4 Rf6 18. Qg3 Bd6 19. Bxd6+ cxd6 20. Rfe1
Re6 21. Rxe6 fxe6 22. Re1 e5 23. Qf3+ Qf6 24. Qxf6+ gxf6 25. c4 Kf7 26. Kh2 Rb8
27. Rb1 Ke6 28. a3 d5 29. cxd5+ Kxd5 30. Kg3 Kd4 31. f4 exf4+ 32. Kxf4 Kxd3 33.
b4 cxb4 34. Rxb4 Rxb4+ 35. axb4 Kc4 36. Kf5 Kxb4 37. Kxf6 a5 38. g4 a4 39. h4
a3 40. h5 a2 41. g5 a1=Q+ 42. Kf5 Qf1+ 43. Ke6 Qf4 44. Ke7 Qxg5+ 45. Ke6 Qxh5
46. Kd6 Qf5 47. Kc6 Qe5 48. Kd7 Kc5 49. Kd8 Qg7 50. Ke8 Kd6 51. Kd8 Qd7# 0-1

[Event "Junior Online 4NCL Division 4"]
[Site "online"]
[Date "2020.10.15"]
[Round "5.45"]
[White "Soulier, Alfred"]
[Black "Wu, Feitong"]
[Result "1-0"]
[WhiteElo "1585"]
[BlackElo "1495"]
[PlyCount "73"]
[EventDate "2020.10.15"]
[WhiteTeam "KCJS 2"]
[BlackTeam "Forest Hall Chimaeras"]

1. d4 Nf6 2. Nc3 e6 3. e4 d5 4. e5 Nfd7 5. f4 c5 6. Nf3 Nc6 7. Be3 Qb6 8. Be2
Be7 9. O-O O-O 10. Qd2 cxd4 11. Nxd4 Bc5 12. Rad1 Rd8 13. Na4 Qc7 14. Nxc5 Nxc5
15. Nb5 Qe7 16. Nd6 Ne4 17. Nxe4 dxe4 18. Qc3 Rxd1 19. Rxd1 Bd7 20. Bc5 Qe8 21.
Bd6 Rc8 22. Qe3 a6 23. Qxe4 f5 24. exf6 gxf6 25. Rd3 Kh8 26. Rh3 Qf7 27. Bd3 f5
28. Qe3 Ne7 29. Be5+ Kg8 30. Qg3+ Ng6 31. Qe3 Bc6 32. Rg3 Kf8 33. Qc5+ Ne7 34.
Bd6 h6 35. Bxe7+ Qxe7 36. Rg8+ Kf7 37. Qxe7+ 1-0

[Event "Junior Online 4NCL Division 4"]
[Site "online"]
[Date "2020.10.15"]
[Round "5.46"]
[White "Johnston, Alexander"]
[Black "Singh, Hari"]
[Result "1-0"]
[WhiteElo "1480"]
[BlackElo "1495"]
[PlyCount "51"]
[EventDate "2020.10.15"]
[WhiteTeam "Forest Hall Chimaeras"]
[BlackTeam "KCJS 2"]

1. d4 Nf6 2. Nc3 g6 3. Bf4 Bg7 4. e4 d6 5. h4 O-O 6. h5 Qd7 7. h6 Bh8 8. Bc4
Qg4 9. Qxg4 Nxg4 10. e5 dxe5 11. dxe5 Nxe5 12. Nd5 Rd8 13. Bb3 Na6 14. O-O-O
Kf8 15. Nh3 Be6 16. Ng5 Bxd5 17. Bxd5 c6 18. Bxf7 Rxd1+ 19. Rxd1 Nxf7 20. Nxh7+
Kg8 21. Ng5 Nxg5 22. Bxg5 e6 23. Rd7 b6 24. Bf4 Nb4 25. Bd6 a5 26. h7# 1-0

[Event "Junior Online 4NCL Division 4"]
[Site "online"]
[Date "2020.10.15"]
[Round "5.47"]
[White "Gupta, Aarav G"]
[Black "Hutchins, Andrew"]
[Result "1-0"]
[WhiteElo "1450"]
[BlackElo "1450"]
[PlyCount "49"]
[EventDate "2020.10.15"]
[WhiteTeam "KCJS 2"]
[BlackTeam "Forest Hall Chimaeras"]

1. e4 c5 2. Nf3 e6 3. Nc3 d5 4. exd5 exd5 5. d3 Nf6 6. Bg5 Be6 7. Be2 Bd6 8.
O-O O-O 9. d4 a6 10. a4 Nc6 11. Be3 cxd4 12. Bxd4 Nxd4 13. Qxd4 Rc8 14. Rad1
Rc4 15. Bxc4 Re8 16. Bb3 Qc7 17. h3 Bc5 18. Qd3 g6 19. Bxd5 Bf5 20. Qd2 Kg7 21.
Nh4 Bc8 22. Qc1 Qg3 23. Rd3 Qxh4 24. Bf3 Bd6 25. Rxd6 1-0

[Event "Junior Online 4NCL Division 4"]
[Site "online"]
[Date "2020.10.15"]
[Round "5.48"]
[White "Wu, Jiatong"]
[Black "Ali, Shahyan"]
[Result "1-0"]
[WhiteElo "1225"]
[BlackElo "1397"]
[PlyCount "153"]
[EventDate "2020.10.15"]
[WhiteTeam "Forest Hall Chimaeras"]
[BlackTeam "KCJS 2"]

1. d4 d5 2. c4 dxc4 3. Nc3 Bf5 4. e4 Bd7 5. Bxc4 e6 6. Nf3 Bb4 7. Bg5 Bxc3+ 8.
bxc3 f6 9. Bf4 Ne7 10. Rb1 Nbc6 11. d5 exd5 12. exd5 Na5 13. Bb5 Bxb5 14. Rxb5
b6 15. d6 Ng6 16. dxc7 Qxd1+ 17. Kxd1 Nxf4 18. Re1+ Kf7 19. g3 Nd3 20. Re3
Nxf2+ 21. Ke2 Ng4 22. Rd3 Rhe8+ 23. Kd2 Rac8 24. Rd7+ Re7 25. Rxe7+ Kxe7 26.
Rb4 Rxc7 27. Rxg4 Nc4+ 28. Kd3 b5 29. Re4+ Kf7 30. Nd2 Rd7+ 31. Rd4 Rxd4+ 32.
cxd4 Nxd2 33. Kxd2 Ke6 34. Kd3 Kd5 35. Kc3 a5 36. a3 g5 37. h3 h5 38. g4 h4 39.
Kd3 a4 40. Kc3 Ke4 41. Kb4 Kxd4 42. Kxb5 Ke3 43. Kxa4 Kf3 44. Kb4 Kg3 45. a4
Kxh3 46. a5 Kg3 47. a6 h3 48. a7 h2 49. a8=Q Kxg4 50. Qh1 Kg3 51. Kc3 f5 52.
Kd2 f4 53. Ke2 f3+ 54. Kf1 g4 55. Ke1 f2+ 56. Kf1 Kh3 57. Qg2+ Kh4 58. Qxh2+
Kg5 59. Qxf2 Kh5 60. Qg3 Kg5 61. Qe3+ Kh4 62. Kg2 Kh5 63. Kg3 Kg6 64. Kxg4 Kf6
65. Kf3 Kf5 66. Ke2 Kg4 67. Qf2 Kg5 68. Qf3 Kg6 69. Ke3 Kg5 70. Qf4+ Kg6 71.
Ke4 Kg7 72. Ke5 Kg6 73. Ke6 Kg7 74. Qf6+ Kg8 75. Qe7 Kh8 76. Kf6 Kg8 77. Qg7#
1-0

[Event "Junior Online 4NCL Division 4"]
[Site "online"]
[Date "2020.10.15"]
[Round "5.51"]
[White "Audhora, Purba"]
[Black "Ward, Cian"]
[Result "0-1"]
[WhiteElo "1517"]
[BlackElo "1465"]
[PlyCount "70"]
[EventDate "2020.10.15"]
[WhiteTeam "Temple Sutton Juniors"]
[BlackTeam "JHJ 3"]

1. e4 e5 2. Nf3 Nc6 3. Bc4 Bc5 4. c3 Nf6 5. d4 exd4 6. cxd4 Bb4+ 7. Nc3 Nxe4 8.
O-O Bxc3 9. bxc3 d5 10. Bb3 O-O 11. Qd3 Bf5 12. Qe3 Re8 13. Qf4 Bg6 14. c4 Nc3
15. Kh1 Ne2 16. Qd2 dxc4 17. Bxc4 Nexd4 18. Nxd4 Qxd4 19. Qxd4 Nxd4 20. Be3 Nc2
21. Rad1 Nxe3 22. fxe3 Rxe3 23. Rd7 Rae8 24. h3 Re1 25. Rxe1 Rxe1+ 26. Kh2 Kf8
27. Rxc7 Rc1 28. Rc8+ Ke7 29. Rc5 b5 30. Re5+ Kf6 31. Rxb5 Rxc4 32. Rb7 Ra4 33.
Rb3 Rxa2 34. Rb7 Be4 35. Rc7 Rxg2+ 0-1

[Event "Junior Online 4NCL Division 4"]
[Site "online"]
[Date "2020.10.15"]
[Round "5.52"]
[White "Groot Wassink, Emma"]
[Black "Summers, Dylan S"]
[Result "0-1"]
[WhiteElo "1442"]
[BlackElo "1487"]
[PlyCount "126"]
[EventDate "2020.10.15"]
[WhiteTeam "JHJ 3"]
[BlackTeam "Temple Sutton Juniors"]

1. e4 e5 2. Nf3 Nc6 3. Bc4 Bc5 4. c3 Nf6 5. d4 exd4 6. cxd4 Bb4+ 7. Bd2 Bxd2+
8. Nbxd2 d6 9. O-O Bg4 10. Bb5 O-O 11. Bxc6 bxc6 12. Re1 Re8 13. e5 dxe5 14.
dxe5 Nd5 15. Qb3 Rb8 16. Qa4 Qd7 17. Re4 Bf5 18. Rd4 Rxb2 19. Qxa7 Qe6 20. Qc5
Rb5 21. Qc4 Rb4 22. Qe2 Rxd4 23. Nxd4 Qg6 24. Nxf5 Qxf5 25. a4 Qxe5 26. Qxe5
Rxe5 27. a5 Re8 28. h3 Ra8 29. Nb3 Kf8 30. Kf1 Ke7 31. Ke2 Kd7 32. g3 Kc8 33.
Kd3 Kb7 34. Kc4 Ka6 35. Kc5 Kb7 36. a6+ Kc8 37. Kxc6 Nb4+ 38. Kb5 Rb8+ 39. Kc4
Nc6 40. a7 Ra8 41. Ra6 Rxa7 42. Rxc6 Kd7 43. Rc5 Ra2 44. Rf5 f6 45. h4 Ke6 46.
Rf4 Rc2+ 47. Kb4 Ke5 48. Nd4 c5+ 49. Kb5 cxd4 50. Kb4 Rc8 51. Kb3 h6 52. Rf3 g5
53. hxg5 hxg5 54. Kb2 g4 55. Rd3 Ke4 56. Rd2 d3 57. Kb3 f5 58. Kb2 Rc2+ 59.
Rxc2 dxc2 60. Kxc2 Kf3 61. Kd2 Kxf2 62. Kd3 Kxg3 63. Ke3 f4+ 0-1

[Event "Junior Online 4NCL Division 4"]
[Site "online"]
[Date "2020.10.15"]
[Round "5.53"]
[White "Patey, Joe"]
[Black "Yu, Rock"]
[Result "0-1"]
[WhiteElo "1187"]
[BlackElo "1397"]
[PlyCount "100"]
[EventDate "2020.10.15"]
[WhiteTeam "Temple Sutton Juniors"]
[BlackTeam "JHJ 3"]

1. d4 Nf6 2. Bf4 g6 3. Nf3 Bg7 4. Qd2 d6 5. c4 Nbd7 6. Nc3 c5 7. d5 Nh5 8. Bh6
O-O 9. g4 Nhf6 10. h4 Nxg4 11. Bxg7 Kxg7 12. Bh3 Nge5 13. O-O-O Nxc4 14. Qf4
Nce5 15. Ng5 h6 16. Nce4 e6 17. Nxd6 hxg5 18. hxg5 exd5 19. Bxd7 Nxd7 20. Rxd5
f6 21. gxf6+ Qxf6 22. Qh6+ Kg8 23. Rxc5 Qf4+ 24. Qxf4 Rxf4 25. Rg5 Kg7 26. Ne8+
Kf7 27. Rh8 Rc4+ 28. Kb1 Rc5 29. Nd6+ Kf6 30. Rxc5 Nxc5 31. Rf8+ Ke7 32. Rg8
Kxd6 33. Rxg6+ Kc7 34. f4 Bf5+ 35. Kc1 Bxg6 36. Kd2 Ne4+ 37. Ke3 Re8 38. f5
Bxf5 39. Kf4 Bd7 40. b4 Nc3 41. e4 Rxe4+ 42. Kf3 Rxb4 43. Ke3 Nxa2 44. Kd3 a5
45. Kc2 Bf5+ 46. Kd2 Rb3 47. Kd1 Rb2 48. Ke1 a4 49. Kd1 Nc3+ 50. Kc1 Rc2# 0-1

[Event "Junior Online 4NCL Division 4"]
[Site "online"]
[Date "2020.10.15"]
[Round "5.54"]
[White "Mouskos, Mia"]
[Black "Summers, Joseph S"]
[Result "1-0"]
[WhiteElo "1397"]
[BlackElo "1090"]
[PlyCount "97"]
[EventDate "2020.10.15"]
[WhiteTeam "JHJ 3"]
[BlackTeam "Temple Sutton Juniors"]

1. e4 e5 2. Nf3 Nc6 3. d4 exd4 4. Nxd4 Nf6 5. Nc3 d5 6. exd5 Nxd5 7. Nxc6 bxc6
8. Ne4 Bb4+ 9. c3 Bxc3+ 10. Nxc3 Qe7+ 11. Be2 Nf4 12. Bxf4 O-O 13. O-O h6 14.
Re1 Re8 15. Bf3 Be6 16. Bxc6 Red8 17. Qf3 Rab8 18. Nd5 Bxd5 19. Bxd5 Qf6 20. b3
Rb5 21. Bc4 Rf5 22. g3 Rd4 23. Re8+ Kh7 24. Rd1 Rdxf4 25. gxf4 Rxf4 26. Bd3+ g6
27. Qe2 h5 28. Re4 Qg5+ 29. Kf1 Rg4 30. Rxg4 Qxg4 31. Qxg4 hxg4 32. Bc4 f5 33.
Rd7+ Kh6 34. Rxc7 f4 35. Rxa7 Kg5 36. b4 Kf6 37. b5 g5 38. b6 g3 39. hxg3 fxg3
40. fxg3 Kf5 41. b7 Kg4 42. Be6+ Kxg3 43. b8=Q+ Kf3 44. Ra3+ Ke4 45. Qb4+ Ke5
46. Ra5+ Kxe6 47. Qb6+ Kf7 48. Ra7+ Kg8 49. Qb8# 1-0

[Event "Junior Online 4NCL Division 4"]
[Site "online"]
[Date "2020.10.15"]
[Round "5.55"]
[White "Ward, Cian"]
[Black "Audhora, Purba"]
[Result "1-0"]
[WhiteElo "1465"]
[BlackElo "1517"]
[PlyCount "63"]
[EventDate "2020.10.15"]
[WhiteTeam "JHJ 3"]
[BlackTeam "Temple Sutton Juniors"]

1. e4 e5 2. Nf3 Nc6 3. d4 exd4 4. Nxd4 Bc5 5. Be3 Bb6 6. Nc3 Nge7 7. Nxc6 Nxc6
8. Bxb6 axb6 9. Bc4 d6 10. O-O O-O 11. Qf3 Ne5 12. Qe2 c6 13. Bb3 Qf6 14. f4
Ng6 15. Qd2 Ra5 16. Rad1 Rd8 17. e5 Qh4 18. g3 Qh3 19. Qg2 Qxg2+ 20. Kxg2 Rf8
21. exd6 Bf5 22. Rfe1 Raa8 23. Kf3 Rad8 24. g4 Bd7 25. f5 Nh4+ 26. Kg3 Nxf5+
27. gxf5 Bxf5 28. Kf4 Bg6 29. Ne4 Rfe8 30. Ng5 Rxe1 31. Rxe1 Rxd6 32. Re8# 1-0

[Event "Junior Online 4NCL Division 4"]
[Site "online"]
[Date "2020.10.15"]
[Round "5.56"]
[White "Summers, Dylan S"]
[Black "Groot Wassink, Emma"]
[Result "0-1"]
[WhiteElo "1487"]
[BlackElo "1442"]
[PlyCount "126"]
[EventDate "2020.10.15"]
[WhiteTeam "Temple Sutton Juniors"]
[BlackTeam "JHJ 3"]

1. e4 e5 2. Nf3 Nc6 3. Bc4 Bc5 4. Nc3 Nf6 5. d3 d6 6. h3 h6 7. O-O Be6 8. Bb3
O-O 9. Be3 Bb6 10. Re1 Qd7 11. Qd2 a5 12. d4 exd4 13. Nxd4 Nxd4 14. Bxd4 Bxd4
15. Qxd4 Bxh3 16. gxh3 Qxh3 17. Qe3 Qg4+ 18. Qg3 Qh5 19. Nd5 Nxd5 20. Bxd5 c6
21. Bb3 a4 22. Bc4 b5 23. Be2 Qc5 24. Rac1 a3 25. b3 d5 26. exd5 Qxd5 27. Bf3
Qd7 28. Rcd1 Qc8 29. Bg4 Qb7 30. Rd7 Qb6 31. b4 c5 32. Qe3 Qg6 33. Qg3 Qxc2 34.
Bf3 Rac8 35. bxc5 Rxc5 36. Re2 Qb1+ 37. Kg2 Rg5 38. Bg4 Qb4 39. f3 h5 40. Qh4
Qf4 41. Re4 Qf6 42. Qh3 hxg4 43. Rxg4 Rxg4+ 44. Qxg4 Rc8 45. Qe4 Qg6+ 46. Qxg6
fxg6 47. Rb7 Rc2+ 48. Kg3 Rxa2 49. Rxb5 Ra1 50. Ra5 a2 51. Kf2 Kh7 52. Ke2 Rh1
53. Kd2 a1=Q 54. Rxa1 Rxa1 55. Ke3 g5 56. Ke4 Kh6 57. Kf5 g6+ 58. Kg4 Ra4+ 59.
Kg3 Kh5 60. Kh3 g4+ 61. Kg3 gxf3 62. Kxf3 g5 63. Kg3 g4 0-1

[Event "Junior Online 4NCL Division 4"]
[Site "online"]
[Date "2020.10.15"]
[Round "5.57"]
[White "Yu, Rock"]
[Black "Patey, Joe"]
[Result "1-0"]
[WhiteElo "1397"]
[BlackElo "1187"]
[PlyCount "71"]
[EventDate "2020.10.15"]
[WhiteTeam "JHJ 3"]
[BlackTeam "Temple Sutton Juniors"]

1. c4 Nc6 2. Nc3 e5 3. g3 Bc5 4. Bg2 d6 5. Nf3 Be6 6. d3 Qd7 7. e3 Bb4 8. Bd2
Nf6 9. a3 Bxc3 10. Bxc3 e4 11. dxe4 Nxe4 12. Qd3 Nxc3 13. Qxc3 O-O-O 14. O-O g5
15. Nxg5 h5 16. f4 Bg4 17. h3 Be2 18. Rfe1 Bg4 19. hxg4 h4 20. e4 Rdf8 21. e5
dxe5 22. fxe5 Qxg4 23. Bh3 Qxh3 24. Nxh3 Rfg8 25. Re3 Nd4 26. Qxd4 hxg3 27. Kg2
Rxh3 28. Kxh3 g2 29. Rg3 Rxg3+ 30. Kxg3 g1=Q+ 31. Rxg1 b6 32. c5 bxc5 33. Qxc5
Kb7 34. Qb5+ Kc8 35. Rh1 a6 36. Rh8# 1-0

[Event "Junior Online 4NCL Division 4"]
[Site "online"]
[Date "2020.10.15"]
[Round "5.58"]
[White "Summers, Joseph S"]
[Black "Mouskos, Mia"]
[Result "0-1"]
[WhiteElo "1090"]
[BlackElo "1397"]
[PlyCount "50"]
[EventDate "2020.10.15"]
[WhiteTeam "Temple Sutton Juniors"]
[BlackTeam "JHJ 3"]

1. e4 e6 2. d4 d5 3. exd5 exd5 4. Bb5+ c6 5. Qe2+ Be7 6. Ba4 Nf6 7. Nc3 O-O 8.
Bg5 Re8 9. O-O-O Bf5 10. Nf3 h6 11. Bxf6 Bxf6 12. h3 Rxe2 13. g4 Rxf2 14. gxf5
Rxf3 15. Ne2 Bg5+ 16. Kb1 Rxf5 17. Ng3 Rf6 18. Nf5 Rxf5 19. c4 dxc4 20. d5 Rxd5
21. Bc2 Rxd1+ 22. Rxd1 Qe7 23. Rf1 Nd7 24. Bf5 Re8 25. Bh7+ Kxh7 0-1

[Event "Junior Online 4NCL Division 4"]
[Site "online"]
[Date "2020.10.15"]
[Round "5.61"]
[White "Patel, Krrish"]
[Black "Arun Jacob, Nigel A"]
[Result "1-0"]
[WhiteElo "1547"]
[BlackElo "1525"]
[PlyCount "81"]
[EventDate "2020.10.15"]
[WhiteTeam "JHJ 2"]
[BlackTeam "KEGS Chelmsford"]

1. d4 d5 2. Nc3 Nc6 3. Bf4 a6 4. e3 Bf5 5. a3 e6 6. f3 Bd6 7. Bxd6 cxd6 8. g4
Bg6 9. h4 h6 10. h5 Bh7 11. Bd3 Nf6 12. Bxh7 Nxh7 13. Qd3 Qb6 14. Na4 Qa5+ 15.
Nc3 Rc8 16. Nge2 Qc7 17. O-O-O Ng5 18. f4 Nh7 19. Ng3 Rd8 20. Nf1 Ne7 21. Nh2
e5 22. fxe5 dxe5 23. dxe5 Qxe5 24. Nf3 Qe6 25. Rdg1 Rd6 26. Nd4 Qd7 27. Nf5
Nxf5 28. Qxf5 Qxf5 29. gxf5 Rg8 30. Rd1 Nf6 31. e4 Rd8 32. Rhe1 Nxh5 33. exd5+
Kf8 34. Ne4 Nf6 35. d6 Nxe4 36. Rxe4 Rd7 37. Rde1 g6 38. f6 Rd8 39. d7 Rh8 40.
Re8+ Rxe8 41. dxe8=Q# 1-0